00379nam a2200133Ia 4500008004100000041001200041082001600053100001500069245008400084260003300168300001000201650001600211700001800227221030s9999 xx 000 0 und d aEnglish a105.23bMot aS. Motewar 0aComputer For Beginners with Introduction to BASICcby S. Motewar, S. Domkundwar bDhanpat Rai PubaDelhic2000 a16.38 aBE Computer aS. Domkundwar